[Event "Wiesbaden op 27th"]
[Site "Wiesbaden"]
[Date "2015.08.28"]
[Round "3"]
[White "Hoffmann, Jens"]
[Black "Bayer, Martin"]
[Result "1-0"]
[WhiteElo "1852"]
[BlackElo "1357"]
[PlyCount "137"]
[EventDate "2015.08.27"]
[EventType "swiss"]
[EventRounds "7"]
[EventCountry "GER"]
[SourceTitle "EXT 2016"]
[Source "ChessBase"]
[SourceDate "2015.10.08"]
[SourceVersion "1"]
[SourceVersionDate "2015.10.08"]
[SourceQuality "1"]

1. e4 e5 2. Nf3 Nc6 3. d4 exd4 4. Nxd4 Nf6 5. Nxc6 bxc6 6. e5 Nd5 7. c4 Nb6 8. Bd3 Be7 9. Qg4 g6 10. Qf3 0-0 11. 0-0 Bg5 12. Nc3 Bb7 13. Ne4 Bxc1 14. Nf6+ Kg7 15. Raxc1 d6 16. Ng4 Rb8 17. Qe3 dxe5 18. Qxe5+ f6 19. Qe3 Qd7 20. Qh6+ Kg8 21. Qh3 Bc8 22. c5 Nd5 23. Nh6+ Kg7 24. Qh4 Ne7 25. Rfe1 g5 26. Qe4 Ng6 27. Nf5+ Qxf5 28. Qxf5 Bxf5 29. Bxf5 Rxb2 30. Rcd1 Ne5 31. Be6 Rc2 32. Rc1 Rxc1 33. Rxc1 Rd8 34. g3 Rd2 35. Rb1 Nd3 36. Rb7 Nxc5 37. Rxc7+ Kg6 38. Bg8 h5 39. Bh7+ Kh6 40. Bf5 g4 41. h4 gxh3 42. f4 Nd7 43. Rxd7 Rxd7 44. Bxd7 c5 45. Bxh3 Kg6 46. Kf2 f5 47. Ke3 Kf6 48. Kd3 Ke6 49. Kc4 a5 50. Kxc5 a4 51. Kb4 a3 52. Kxa3 Kf6 53. Kb4 Kg6 54. a4 h4 55. gxh4 Kh5 56. Bxf5 Kxh4 57. Be6 Kh5 58. a5 Kg6 59. a6 Kf6 60. f5 Ke7 61. a7 Kf6 62. a8Q Ke7 63. Qd5 Kf6 64. Bc8 Ke7 65. Qe6+ Kf8 66. Qd7 Kg8 67. f6 Kf8 68. Qe7+ Kg8 69. Qg7# 1-0

[Event "Hessen-ch U17 op"]
[Site "Bad Homburg"]
[Date "2015.04.02"]
[Round "6"]
[White "Timpel, Kaan"]
[Black "Bayer, Martin"]
[Result "0-1"]
[WhiteElo "1091"]
[BlackElo "1161"]
[PlyCount "106"]
[EventDate "2015.03.30"]
[EventType "swiss"]
[EventRounds "7"]
[EventCountry "GER"]
[SourceTitle "EXT 2017"]
[Source "ChessBase"]
[SourceDate "2016.10.25"]
[SourceVersion "1"]
[SourceVersionDate "2016.10.25"]
[SourceQuality "1"]

1. e4 e5 2. Nf3 Nc6 3. Bc4 Bc5 4. d3 h6 5. Nc3 d6 6. h3 Nge7 7. Be3 Bb6 8. 0-0 0-0 9. Nh4 Be6 10. Nd5 Na5 11. Nxb6 axb6 12. Bxe6 fxe6 13. Qg4 Rf6 14. f4 Nac6 15. f5 exf5 16. Nxf5 Nxf5 17. Rxf5 Rxf5 18. exf5 Qf6 19. c3 Rf8 20. Rf1 Ne7 21. Qc4+ Qf7 22. Qxc7 Nd5 23. Qxf7+ Rxf7 24. Bd2 Kh7 25. c4 Ne7 26. g4 h5 27. g5 Rxf5 28. Rxf5 Nxf5 29. Bb4 Kg6 30. Bd2 Nd4 31. Be3 Nf3+ 32. Kf2 Nxg5 33. h4 Ne6 34. Bxb6 Nf4 35. Bc7 Nxd3+ 36. Ke3 Nxb2 37. c5 dxc5 38. Bxe5 Nc4+ 39. Ke4 Nxe5 40. Kxe5 b5 41. Kd5 c4 42. Kc5 c3 43. Kxb5 c2 44. a4 c1Q 45. a5 Kf6 46. a6 Qb2+ 47. Kc6 Qb8 48. Kc5 Ke5 49. Kc6 Qc8+ 50. Kb6 Kd5 51. Ka7 Qc7+ 52. Ka8 Kc6 53. a7 Qb7# 0-1

[Event "Hessen-ch U17 op"]
[Site "Bad Homburg"]
[Date "2015.03.30"]
[Round "1"]
[White "Hegmann, Kolja"]
[Black "Bayer, Martin"]
[Result "0-1"]
[WhiteElo "784"]
[BlackElo "1161"]
[PlyCount "60"]
[EventDate "2015.03.30"]
[EventType "swiss"]
[EventRounds "7"]
[EventCountry "GER"]
[SourceTitle "EXT 2017"]
[Source "ChessBase"]
[SourceDate "2016.10.25"]
[SourceVersion "1"]
[SourceVersionDate "2016.10.25"]
[SourceQuality "1"]

1. Nf3 Nc6 2. g3 e5 3. e4 Nf6 4. Nc3 Bc5 5. Bg2 d6 6. 0-0 0-0 7. d3 h6 8. Qe1 Be6 9. Be3 Bb6 10. Qd2 Re8 11. d4 Bc4 12. Rfe1 exd4 13. Bxd4 Nxd4 14. Nxd4 Ng4 15. Nd1 Qf6 16. Nf5 Re6 17. Nde3 Nxe3 18. fxe3 Qxb2 19. Reb1 Qa3 20. e5 Rxe5 21. Bxb7 Rxf5 22. Bxa8 Bxe3+ 23. Qxe3 Qxe3+ 24. Kg2 Qf2+ 25. Kh1 Bd5+ 26. Bxd5 Rxd5 27. Rf1 Qe2 28. Rfe1 Qf3+ 29. Kg1 Rd2 30. Rf1 Qg2# 0-1

[Event "Hessen-ch U12"]
[Site "Bad Homburg"]
[Date "2014.??.??"]
[Round "3"]
[White "Bayer, Martin"]
[Black "Euler, Daniel"]
[Result "1-0"]
[WhiteElo "1094"]
[BlackElo "739"]
[PlyCount "55"]
[EventDate "2014.04.??"]
[EventType "swiss"]
[EventRounds "9"]
[EventCountry "GER"]
[SourceTitle "EXT 2022"]
[Source "ChessBase"]
[SourceDate "2021.10.06"]
[SourceVersion "1"]
[SourceVersionDate "2021.10.06"]
[SourceQuality "1"]

1. e4 e5 2. Nf3 Nc6 3. Bb5 Nf6 4. Nc3 a6 5. Bxc6 bxc6 6. d3 d6 7. Bg5 Be7 8. 0-0 h6 9. Bxf6 Bxf6 10. d4 Bg4 11. d5 cxd5 12. Nxd5 0-0 13. h3 Bxf3 14. Qxf3 c6 15. Nxf6+ Qxf6 16. Qxf6 gxf6 17. f4 Rab8 18. b3 c5 19. fxe5 fxe5 20. Rf6 Kg7 21. Rxd6 Ra8 22. Rd5 Rfe8 23. Rxc5 Rad8 24. Rd5 Rxd5 25. exd5 Kf6 26. g4 e4 27. Re1 e3 28. Kg2 1-0

[Event "Hessen-ch U12"]
[Site "Bad Homburg"]
[Date "2014.??.??"]
[Round "6"]
[White "Krauthan, Finn"]
[Black "Bayer, Martin"]
[Result "1/2-1/2"]
[WhiteElo "875"]
[BlackElo "1094"]
[PlyCount "92"]
[EventDate "2014.04.??"]
[EventType "swiss"]
[EventRounds "9"]
[EventCountry "GER"]
[SourceTitle "EXT 2022"]
[Source "ChessBase"]
[SourceDate "2021.10.06"]
[SourceVersion "1"]
[SourceVersionDate "2021.10.06"]
[SourceQuality "1"]

1. b3 e5 2. Bb2 Nc6 3. e3 Nf6 4. Bc4 Be7 5. Ne2 0-0 6. 0-0 d5 7. Bb5 Bd6 8. c4 Qe7 9. Bxc6 bxc6 10. cxd5 cxd5 11. d4 e4 12. Ng3 c6 13. Qc1 Bd7 14. Ba3 Bxa3 15. Qxa3 Qxa3 16. Nxa3 Rfc8 17. f3 a5 18. fxe4 Nxe4 19. Nxe4 dxe4 20. Nc4 Ra6 21. Nd6 Rf8 22. Nxe4 a4 23. Nc5 Ra7 24. Nxd7 Rxd7 25. bxa4 Ra7 26. Rfc1 Rxa4 27. Rxc6 h6 28. d5 Rd8 29. d6 Ra3 30. Kf2 Rd3 31. Ke2 R8xd6 32. Rxd6 Rxd6 33. a4 Kf8 34. a5 Ra6 35. Kd3 Ke7 36. Kd4 Kd6 37. e4 f6 38. g4 g6 39. h4 h5 40. gxh5 gxh5 41. Ke3 Ke5 42. Kf3 f5 43. exf5 Kxf5 44. Ra4 Ke5 45. Ra3 Kf5 46. Ra2 Ke5 1/2-1/2

[Event "Hessen-ch U12"]
[Site "Bad Homburg"]
[Date "2014.??.??"]
[Round "8"]
[White "Martin, Lukas"]
[Black "Bayer, Martin"]
[Result "1-0"]
[WhiteElo "1176"]
[BlackElo "1094"]
[PlyCount "52"]
[EventDate "2014.04.??"]
[EventType "swiss"]
[EventRounds "9"]
[EventCountry "GER"]
[SourceTitle "EXT 2022"]
[Source "ChessBase"]
[SourceDate "2021.10.06"]
[SourceVersion "1"]
[SourceVersionDate "2021.10.06"]
[SourceQuality "1"]

1. d4 d5 2. c4 e6 3. Nc3 Bb4 4. Nf3 Bxc3+ 5. bxc3 Nf6 6. Bg5 h6 7. Bh4 c6 8. e3 a6 9. Bd3 Nbd7 10. 0-0 g5 11. Bg3 Ne4 12. Bxe4 dxe4 13. Nd2 f5 14. Bd6 Nf6 15. c5 b5 16. a4 h5 17. f3 Nd5 18. Qb3 g4 19. fxe4 Nxe3 20. Rfe1 Qg5 21. exf5 h4 22. fxe6 Nxg2 23. Kxg2 Qxd2+ 24. Kh1 h3 25. Qa2 Qxa2 26. Rxa2 Rh6 1-0